书目信息 |
| 题名: |
中国结
|
|
| 作者: | 刘燕妮 著 | |
| 分册: | ||
| 出版信息: | 南宁 广西科学技术出版社 2001 |
|
| 页数: | 63页 | |
| 开本: | 21cm | |
| 丛书名: | 纤纤结艺丛书 | |
| 单 册: | ||
| 中图分类: | TS935.5 | |
| 科图分类: | ||
| 主题词: | 编织--生产工艺 , 编织--手工 | |
| 电子资源: | ||
| ISBN: | 7-80666-034-8 | |
| 000 | 00661nam0 2200253 450 | |
| 001 | 0556942593 | |
| 005 | 20051027155354.79 | |
| 010 | @a7-80666-034-8@dCNY14.80 | |
| 092 | @aCN | |
| 100 | @a20051027d2001 km y0chiy0120 ea | |
| 101 | 0 | @achi |
| 102 | @aCN@b450000 | |
| 102 | @aCN@b450000 | |
| 200 | 1 | @a中国结@Azhong guo jie@f刘燕妮著@Fliu yan ni zhu |
| 210 | @a南宁@c广西科学技术出版社@d2001 | |
| 215 | 1 | @a63页@d21cm |
| 225 | @a纤纤结艺丛书 | |
| 410 | 0 | @12001 @a纤纤结艺丛书 |
| 606 | 0 | @a编织@x生产工艺 |
| 606 | 0 | @a编织@x手工 |
| 690 | @aTS935.5@v4 | |
| 701 | 0 | @a刘燕妮@Aliu yan ni@4著 |
| 801 | 0 | @aCN@bPFT@c20051027 |
| 905 | @a10447@dTS935.5@e26 | |
| 中国结/刘燕妮著.-南宁:广西科学技术出版社,2001 |
| 63页;21cm.-(纤纤结艺丛书) |
| ISBN 7-80666-034-8:CNY14.80 |
| ● |
| 相关链接 |
|
|
|
|
正题名:中国结
索取号:TS935.5/26
 
预约/预借
| 序号 | 登录号 | 条形码 | 馆藏地/架位号 | 状态 | 备注 |
| 1 | 0337067 | 203370672 | 第二样本阅览室/ [索取号:TS935.5/26] | 在馆 | |
| 2 | 0337068 | 203370681 | 第三借阅区/ [索取号:TS935.5/26] | 在馆 | |
| 3 | 0337069 | 203370690 | 第三借阅区/ [索取号:TS935.5/26] | 在馆 | |
| 4 | 0337070 | 203370707 | 第三借阅区/ [索取号:TS935.5/26] | 在馆 | |
| 5 | 0337071 | 203370716 | 第三借阅区/ [索取号:TS935.5/26] | 在馆 |